000 00300nam a22001337a 4500
008 171107b xxu||||| |||| 00| 0 eng d
020 _a9780471145929
041 _aeng
080 _a330.722.6
100 _a62
101 _aKON
245 _aTHE CONTROLLER'S FUNCTION
_cROEHL,J.M
942 _2udc
_cBK
999 _c38078
_d38078